Statistics for Asterix Comics

Click here to take the quiz!

General Stats

  • This quiz has been taken 27 times
  • The average score is 18 of 39

Answer Stats

HintAnswer% Correct
Asterix the _Gaul
95%
Asterix at the _ GamesOlympic
81%
Asterix and the Golden _Sickle
81%
_ and Co.Obelix
71%
Asterix in _Britain
67%
Asterix and _ GiftCaesar’s
67%
Asterix and _Cleopatra
62%
Asterix the _Gladiator
62%
Asterix in _Spain
62%
Asterix in _Switzerland
62%
Asterix and the Magic _Carpet
57%
The Mansion of the _Gods
57%
Asterix and the _Goths
57%
Asterix in _Belgium
52%
Asterix and the Black _Gold
52%
Asterix and the _ WreathLaurel
52%
Asterix and the _Normans
52%
Asterix and the _ ShieldChieftain’s
48%
Asterix in _Corsica
48%
Asterix and the Big _Fight
48%
Asterix and the Roman _Agent
43%
Asterix and the Great _Divide
43%
Asterix and the _Cauldron
38%
Asterix and the Great _Crossing
38%
Asterix and the _ SkyFalling
38%
Asterix the _Legionary
38%
Asterix and the _Banquet
33%
Asterix and Obelix All at _Sea
33%
Asterix and the _Soothsayer
33%
Asterix and _Son
29%
Asterix and the _ RaceChariot
24%
Asterix and the Chieftain’s _Daughter
24%
Asterix and the _Actress
19%
Asterix and Obelix’s Birthday:
The Golden _
Book
19%
Asterix and the _ ActClass
19%
Asterix and the _Griffin
19%
Asterix and the _Picts
19%
Asterix and the Missing _Scroll
14%
Asterix and the Secret _Weapon
14%

Score Distribution

Percentile by Number Answered

Percent of People with Each Score

Your Score History

You have not taken this quiz